El Proceso de neutralidad guatemalteca: 1982-1987

Uloženo v:
Podrobná bibliografie
Hlavní autor: González Davison, Fernando
Korporativní autor: Instituto de Investigaciones Políticas y Sociales
Médium: Text
Vydáno: San José: CSUCA
Tagy: Přidat tag
Žádné tagy, Buďte první, kdo vytvoří štítek k tomuto záznamu!

MARC

LEADER 00000 a a2200000 04500
001 21157
003
040
090 |a 091900  
100 |a González Davison, Fernando  
110 |a Instituto de Investigaciones Políticas y Sociales  
245 |a El Proceso de neutralidad guatemalteca: 1982-1987  
260 |a San José:   |b CSUCA  
300 |a 67 p.  
999 |c 15857  |d 15857